000 00406nam a22001697a 4500
003 MACL
005 20160114123537.0
008 160114b xxu||||| |||| 00| 0 eng d
040 _cMACL
041 _aEnglish
082 _a332
100 _aJain,T.S.
_9234
245 _aReserve Bank of India Assistants Recruitment Exam
260 _aAgra
_bUpkar Prakashan
650 _aBank
_932149
942 _2ddc
_cBK
999 _c52184
_d52184